Vainqueurs de l'Europa League depuis 1958 - Football - Statistiques

Statistiques générales
  • Ce quiz a été pris 70 fois
  • Le résultat moyen est 18 sur 65
Statistiques - réponses
Année Vainqueur % Correct
2017 Manchester United
64%
2023 Séville FC
61%
2020 Séville FC
61%
2016 Séville FC
61%
2015 Séville FC
61%
2014 Séville FC
61%
2007 Séville FC
61%
2006 Séville FC
61%
1986 Real Madrid
59%
1985 Real Madrid
59%
2019 Chelsea
56%
2013 Chelsea
56%
2018 Atletico Madrid
53%
2012 Atletico Madrid
53%
2010 Atletico Madrid
53%
1998 Inter Milan
49%
1994 Inter Milan
49%
1991 Inter Milan
49%
2001 Liverpool
46%
1976 Liverpool
46%
1973 Liverpool
46%
1992 Ajax
42%
1984 Tottenham
41%
1972 Tottenham
41%
1970 Arsenal
37%
2021 Villareal
36%
1961 AS Roma
34%
1996 Bayern Munich
34%
1993 Juventus Turin
31%
1990 Juventus Turin
31%
1977 Juventus Turin
31%
2011 FC Porto
29%
2003 FC Porto
29%
2022 Eintracht Francfort
25%
1980 Eintracht Francfort
25%
1999 Parme
19%
1995 Parme
19%
2008 Zénith
17%
1983 Anderlecht
15%
1988 Bayer Leverkusen
15%
2000 Galatasaray
14%
1978 PSV Eindhoven
14%
2005 CSKA Moscou
12%
1971 Leeds
8%
1968 Leeds
8%
1969 Newcastle
7%
2002 Feyenoord Rotterdam
5%
1974 Feyenoord Rotterdam
5%
1997 Schalke 04
3%
2009 Shaktar Donetsk
3%
1966 Barça
2%
1960 Barça
2%
1958 Barça
2%
1987 IFK Göteborg
2%
1982 IFK Göteborg
2%
1981 Ipswich
2%
2004 Valence CF
2%
1963 Valence CF
2%
1962 Valence CF
2%
1979 Borussia Mönchengladbagh
0%
1975 Borussia Mönchengladbagh
0%
1967 Dinamo Zagreb
0%
1965 Ferencvaros
0%
1964 Saragosse
0%
1989 SSC Napoli
0%
Aucun quiz correspondant
Distribution des résultats
% des personnes avec chaque résultat
Percentile par nombre de réponses
Votre historique - résultats
Vous n’avez pas pris ce quiz